<?xml version="1.0" encoding="UTF-8"?>
<record
    xmlns:xsi="http://www.w3.org/2001/XMLSchema-instance"
    xsi:schemaLocation="http://www.loc.gov/MARC21/slim http://www.loc.gov/standards/marcxml/schema/MARC21slim.xsd"
    xmlns="http://www.loc.gov/MARC21/slim">

  <leader>00151nas a22000617a 4500</leader>
  <controlfield tag="008">180507s9999    xx            000 0 und d</controlfield>
  <datafield tag="245" ind1=" " ind2=" ">
    <subfield code="a">Health for the Millions </subfield>
  </datafield>
  <datafield tag="999" ind1=" " ind2=" ">
    <subfield code="c">117982</subfield>
    <subfield code="d">117982</subfield>
  </datafield>
  <datafield tag="952" ind1=" " ind2=" ">
    <subfield code="0">0</subfield>
    <subfield code="1">0</subfield>
    <subfield code="4">0</subfield>
    <subfield code="7">0</subfield>
    <subfield code="a">IIPA</subfield>
    <subfield code="b">IIPA</subfield>
    <subfield code="d">2018-05-07</subfield>
    <subfield code="h">21; 1995</subfield>
    <subfield code="p">P20762</subfield>
    <subfield code="r">2018-05-07</subfield>
    <subfield code="w">2018-05-07</subfield>
    <subfield code="y">BV</subfield>
  </datafield>
  <datafield tag="952" ind1=" " ind2=" ">
    <subfield code="0">0</subfield>
    <subfield code="1">0</subfield>
    <subfield code="4">0</subfield>
    <subfield code="7">0</subfield>
    <subfield code="a">IIPA</subfield>
    <subfield code="b">IIPA</subfield>
    <subfield code="d">2018-05-07</subfield>
    <subfield code="h">22; 1996</subfield>
    <subfield code="p">P20763</subfield>
    <subfield code="r">2018-05-07</subfield>
    <subfield code="w">2018-05-07</subfield>
    <subfield code="y">BV</subfield>
  </datafield>
  <datafield tag="952" ind1=" " ind2=" ">
    <subfield code="0">0</subfield>
    <subfield code="1">0</subfield>
    <subfield code="4">0</subfield>
    <subfield code="7">0</subfield>
    <subfield code="a">IIPA</subfield>
    <subfield code="b">IIPA</subfield>
    <subfield code="d">2018-05-07</subfield>
    <subfield code="h">19; 1993</subfield>
    <subfield code="p">P21337</subfield>
    <subfield code="r">2018-05-07</subfield>
    <subfield code="w">2018-05-07</subfield>
    <subfield code="y">BV</subfield>
  </datafield>
</record>
